[Event "Hampshire Major"]
[Site "Eastleigh"]
[Date "2014.11.08"]
[Round "2"]
[White "Syed, Ashraf"]
[Black "Wilson, Matthew R"]
[Result "0-1"]
[WhiteElo "1712"]
[BlackElo "1848"]
[PlyCount "56"]
[EventDate "2014.11.07"]
[EventType "swiss"]
[EventRounds "6"]
[EventCountry "ENG"]
[SourceTitle "BritBase"]
[Source "John Saunders"]
[SourceDate "2015.01.03"]
[SourceVersion "1"]
[SourceVersionDate "2015.01.03"]
[SourceQuality "1"]

1. d4 Nf6 2. Bf4 e6 3. Nf3 c5 4. c3 b6 5. e3 Bb7 6. Bd3 Be7 7. O-O d6 8. Re1 cxd4 9. cxd4 Nh5 10. Bg3 Nxg3 11. hxg3 h5 12. Nc3 h4 13. gxh4 Bxh4 14. e4 Nd7 15. Rc1 Rc8 16. Nb5 Nf6 17. Rxc8 Bxc8 18. Nxa7 Bd7 19. Nb5 Bxb5 20. Bxb5+ Kf8 21. Nxh4 Rxh4 22. f3 Nh5 23. Qd2 Nf4 24. Qc3 Kg8 25. Rc1 Qg5 26. Bf1 Nh3+ 27. Kh2 Nf2+ 28. Kg1 Qg3 0-1

[Event "Hampshire Major"]
[Site "Eastleigh"]
[Date "2014.11.08"]
[Round "2"]
[White "Belinger, John"]
[Black "Foley, Phil T"]
[Result "1/2-1/2"]
[WhiteElo "1776"]
[BlackElo "1736"]
[PlyCount "71"]
[EventDate "2014.11.07"]
[EventType "swiss"]
[EventRounds "6"]
[EventCountry "ENG"]
[SourceTitle "BritBase"]
[Source "John Saunders"]
[SourceDate "2015.01.03"]
[SourceVersion "1"]
[SourceVersionDate "2015.01.03"]
[SourceQuality "1"]

1. e4 c5 2. d4 cxd4 3. c3 dxc3 4. Nxc3 Nc6 5. Nf3 e6 6. Bc4 Be7 7. O-O d6 8. Qe2 Nf6 9. Rd1 e5 10. Be3 O-O 11. a3 Be6 12. Bxe6 fxe6 13. Ng5 Qc8 14. Rac1 h6 15. Nf3 Ng4 16. b4 Nxe3 17. Qxe3 Qb8 18. Qd3 Rd8 19. Qc4 Qc8 20. Qd3 Qd7 21. b5 Nd4 22. Nxd4 exd4 23. Qxd4 Bf6 24. Qd3 Rac8 25. a4 Bg5 26. Rc2 Qc7 27. g3 d5 28. exd5 Rxd5 29. Nxd5 Qxc2 30. Qxc2 Rxc2 31. Ne3 Rc3 32. Rd7 Bxe3 33. fxe3 Ra3 34. Rxb7 Rxa4 35. b6 axb6 36. Rxb6 1/2-1/2

[Event "Hampshire Major"]
[Site "Eastleigh"]
[Date "2014.11.08"]
[Round "2"]
[White "Samuels, Henry Alexander"]
[Black "Gonem, Sherif"]
[Result "0-1"]
[WhiteElo "1752"]
[BlackElo "1624"]
[PlyCount "66"]
[EventDate "2014.11.07"]
[EventType "swiss"]
[EventRounds "6"]
[EventCountry "ENG"]
[SourceTitle "BritBase"]
[Source "John Saunders"]
[SourceDate "2015.01.03"]
[SourceVersion "1"]
[SourceVersionDate "2015.01.03"]
[SourceQuality "1"]

1. e4 d6 2. d4 Nf6 3. Bd3 c6 4. Ne2 e5 5. O-O Qb6 6. c3 Be7 7. Nd2 Bg4 8. Nc4 Qc7 9. f3 Be6 10. g4 h6 11. Ng3 g6 12. Kg2 Nbd7 13. a4 O-O-O 14. a5 exd4 15. cxd4 d5 16. exd5 Nxd5 17. Be3 Nxe3+ 18. Nxe3 Nf6 19. Ne2 Nd5 20. Nxd5 Bxd5 21. a6 b6 22. Rc1 h5 23. gxh5 Bg5 24. Ng3 Bxc1 25. Qxc1 gxh5 26. b4 h4 27. Nf5 h3+ 28. Kh1 Rdg8 29. Qe3 Rg2 30. Ng3 Rg8 31. Bf5+ Kb8 32. Bxh3 Rxh2+ 33. Kxh2 Qxg3+ 0-1

[Event "Hampshire Major"]
[Site "Eastleigh"]
[Date "2014.11.08"]
[Round "2"]
[White "Dore, Alexandre"]
[Black "Armorgie, Jack"]
[Result "1-0"]
[WhiteElo "1856"]
[BlackElo "1640"]
[PlyCount "79"]
[EventDate "2014.11.07"]
[EventType "swiss"]
[EventRounds "6"]
[EventCountry "ENG"]
[SourceTitle "BritBase"]
[Source "John Saunders"]
[SourceDate "2015.01.03"]
[SourceVersion "1"]
[SourceVersionDate "2015.01.03"]
[SourceQuality "1"]

1. e4 e6 2. d4 d5 3. e5 c5 4. c3 Nc6 5. Nf3 Bd7 6. a3 Nge7 7. b4 cxd4 8. cxd4 Qb6 9. Bb2 Ng6 10. Nc3 a6 11. Na4 Qa7 12. g3 Be7 13. Bd3 f6 14. h4 fxe5 15. Bxg6+ hxg6 16. Nxe5 Nxe5 17. dxe5 O-O 18. Bd4 Bxa4 19. Qg4 Qb8 20. Qxe6+ Rf7 21. Qxg6 Qc8 22. O-O Qf5 23. Qb6 Bxh4 24. e6 Re7 25. Rae1 Bf6 26. Bc5 Ree8 27. Qxb7 Bb5 28. Qf7+ Kh7 29. Bd6 Qh3 30. Re5 Bxe5 31. Bxe5 Qg4 32. Re1 Rxe6 33. Kg2 Rae8 34. f3 Qg6 35. Rh1+ Qh6 36. Rxh6+ Kxh6 37. Qxg7+ Kh5 38. g4+ Kh4 39. Qh7+ Rh6 40. Qxh6# 1-0

[Event "Hampshire Major"]
[Site "Eastleigh"]
[Date "2014.11.08"]
[Round "2"]
[White "Osborne, Keith C"]
[Black "Gowers, Robert"]
[Result "1-0"]
[WhiteElo "1648"]
[BlackElo "1720"]
[PlyCount "91"]
[EventDate "2014.11.07"]
[EventType "swiss"]
[EventRounds "6"]
[EventCountry "ENG"]
[SourceTitle "BritBase"]
[Source "John Saunders"]
[SourceDate "2015.01.03"]
[SourceVersion "1"]
[SourceVersionDate "2015.01.03"]
[SourceQuality "1"]

1. d4 d5 2. Bf4 Nc6 3. Nf3 Bg4 4. e3 e5 5. dxe5 Qd7 6. c3 Be7 7. Bb5 a6 8. Qa4 Bxf3 9. Bxc6 Qxc6 10. Qxc6+ bxc6 11. gxf3 Rc8 12. Nd2 Bh4 13. Rb1 Ne7 14. Bg3 Ng6 15. f4 Bxg3 16. fxg3 O-O 17. Nf3 Rce8 18. Kf2 f6 19. exf6 Rxf6 20. Rbd1 Ne7 21. Rhe1 Ref8 22. Rd4 c5 23. Rd2 g5 24. Nxg5 h6 25. Nf3 Rf5 26. e4 Rh5 27. Kg2 c6 28. e5 Rhf5 29. Rde2 Ng6 30. b4 c4 31. Nd4 R5f7 32. Nxc6 Rg7 33. Kh3 h5 34. Nd4 h4 35. Ne6 Nxf4+ 36. gxf4 Rff7 37. Nxg7 Kxg7 38. Rg1+ Kh6 39. Rg4 Rf5 40. e6 Rf8 41. e7 Re8 42. f5 d4 43. cxd4 c3 44. f6 a5 45. Reg2 Rc8 46. Rxh4# 1-0

[Event "Hampshire Major"]
[Site "Eastleigh"]
[Date "2014.11.08"]
[Round "2"]
[White "Crouch, Timothy J"]
[Black "Stone, Mark"]
[Result "0-1"]
[WhiteElo "1616"]
[BlackElo "1624"]
[PlyCount "76"]
[EventDate "2014.11.07"]
[EventType "swiss"]
[EventRounds "6"]
[EventCountry "ENG"]
[SourceTitle "BritBase"]
[Source "John Saunders"]
[SourceDate "2015.01.03"]
[SourceVersion "1"]
[SourceVersionDate "2015.01.03"]
[SourceQuality "1"]

1. e4 d5 2. e5 Bf5 3. d4 e6 4. Nf3 c5 5. c3 Nc6 6. Bd3 Nge7 7. Bg5 Bxd3 8. Qxd3 cxd4 9. Bxe7 Bxe7 10. cxd4 Nb4 11. Qb5+ Qd7 12. Qxd7+ Kxd7 13. Na3 Nd3+ 14. Ke2 Nxb2 15. Nc2 Na4 16. Kd2 Rhc8 17. Rhc1 g5 18. g4 Nc3 19. Ke3 Rc7 20. Nce1 Rac8 21. a3 f5 22. h3 fxg4 23. hxg4 h5 24. gxh5 g4 25. Nd2 Bg5+ 26. Kd3 Bxd2 27. Kxd2 Ne4+ 28. Kd1 Nxf2+ 29. Kd2 Ne4+ 30. Kd1 Nc3+ 31. Kd2 Nb5 32. Rxc7+ Rxc7 33. Rc1 Rxc1 34. Kxc1 Ke8 35. Nc2 Nxa3 36. Ne3 g3 37. Kd2 Nc4+ 38. Ke2 Nxe3 0-1

[Event "Hampshire Major"]
[Site "Eastleigh"]
[Date "2014.11.08"]
[Round "3"]
[White "Wilson, Matthew R"]
[Black "Moore, Gillian A"]
[Result "1-0"]
[WhiteElo "1848"]
[BlackElo "1736"]
[PlyCount "92"]
[EventDate "2014.11.07"]
[EventType "swiss"]
[EventRounds "6"]
[EventCountry "ENG"]
[SourceTitle "BritBase"]
[Source "John Saunders"]
[SourceDate "2015.01.03"]
[SourceVersion "1"]
[SourceVersionDate "2015.01.03"]
[SourceQuality "1"]

1. e4 Nf6 2. e5 Nd5 3. d4 d6 4. Nf3 dxe5 5. Nxe5 c6 6. c4 Nb4 7. Be3 Bf5 8. Bd3 Nxd3+ 9. Nxd3 e6 10. Nc3 Be7 11. Qe2 O-O 12. Rd1 Nd7 13. O-O Nb6 14. b3 Bg5 15. Ne5 h6 16. Rfe1 Qe7 17. Qf3 Bf6 18. Ng4 Bg5 19. Ne5 Bxe3 20. Rxe3 Rad8 21. d5 cxd5 22. cxd5 Qg5 23. dxe6 Rxd1+ 24. Qxd1 Bxe6 25. Nf3 Qd8 26. Nd4 Bd5 27. Nxd5 Qxd5 28. Rd3 Rd8 29. Rd2 Qa5 30. h3 Nc8 31. Nf3 Rxd2 32. Qxd2 Qxd2 33. Nxd2 Nd6 34. Kf1 Nb5 35. Nc4 a6 36. Ke1 Kf8 37. Kd2 Ke7 38. Kd3 Ke6 39. a4 Nc7 40. Kd4 Nd5 41. Kc5 h5 42. a5 f5 43. Nd6 g5 44. Nxb7 g4 45. hxg4 fxg4 46. g3 Ke5 {... remaining moves unreadable, 1-0, 56.} 1-0

[Event "Hampshire Major"]
[Site "Eastleigh"]
[Date "2014.11.08"]
[Round "3"]
[White "Hewitt, Robert"]
[Black "Jones, Gareth A"]
[Result "1/2-1/2"]
[WhiteElo "1704"]
[BlackElo "1864"]
[PlyCount "110"]
[EventDate "2014.11.07"]
[EventType "swiss"]
[EventRounds "6"]
[EventCountry "ENG"]
[SourceTitle "BritBase"]
[Source "John Saunders"]
[SourceDate "2015.01.03"]
[SourceVersion "1"]
[SourceVersionDate "2015.01.03"]
[SourceQuality "1"]

1. e4 c5 2. Nf3 d6 3. d4 cxd4 4. Nxd4 Nf6 5. Nc3 a6 6. Be2 e5 7. Nf3 b5 8. Qd3 Bb7 9. Bg5 Be7 10. Rd1 Nbd7 11. Bxf6 Nxf6 12. O-O O-O 13. Nd2 Qb6 14. Kh1 Rac8 15. f4 Rfd8 16. Qg3 b4 17. Nd5 Nxd5 18. exd5 Bxd5 19. Bd3 Qc6 20. Rde1 Bf6 21. Ne4 Bxe4 22. Bxe4 Qb6 23. Qh3 g6 24. f5 d5 25. fxg6 hxg6 26. Bxd5 Rc7 27. Qf3 Kg7 28. Re2 Rcd7 29. Be4 Rd1 30. Ref2 Rxf1+ 31. Rxf1 Qe6 32. h3 a5 33. b3 Bg5 34. Qf2 Rd4 35. Bd3 Bf4 36. Bc4 Qd7 37. Qf3 a4 38. Qa8 axb3 39. axb3 Rd1 40. Qf3 Rxf1+ 41. Qxf1 Qf5 42. Qe2 Qg5 43. Qf3 Qh4 44. Qf1 Qg3 45. Kg1 e4 46. Qe2 e3 47. Qf3 Qe1+ 48. Qf1 Qg3 49. Qf3 Qxf3 50. gxf3 f5 51. Kf1 Kf6 52. Kg2 Ke5 53. Kf1 Kd4 54. Ke2 Bg3 55. Bd3 Bf2 1/2-1/2

[Event "Hampshire Major"]
[Site "Eastleigh"]
[Date "2014.11.08"]
[Round "3"]
[White "Gonem, Sherif"]
[Black "Conway, Alex"]
[Result "1/2-1/2"]
[WhiteElo "1624"]
[BlackElo "1848"]
[PlyCount "109"]
[EventDate "2014.11.07"]
[EventType "swiss"]
[EventRounds "6"]
[EventCountry "ENG"]
[SourceTitle "BritBase"]
[Source "John Saunders"]
[SourceDate "2015.01.03"]
[SourceVersion "1"]
[SourceVersionDate "2015.01.03"]
[SourceQuality "1"]

1. d4 Nf6 2. c4 e5 3. dxe5 Ng4 4. Nf3 Nc6 5. e3 Ngxe5 6. Nbd2 Bb4 7. a3 Bxd2+ 8. Bxd2 d6 9. Bc3 O-O 10. Be2 Be6 11. b3 Qf6 12. Qc2 Bf5 13. e4 Bg6 14. O-O Qf4 15. Nxe5 dxe5 16. f3 Nd4 17. Bxd4 exd4 18. c5 Rad8 19. Rad1 b6 20. Rd3 f5 21. Qd2 Qxd2 22. Rxd2 bxc5 23. Bc4+ Bf7 24. Bxf7+ Rxf7 25. e5 f4 26. e6 Re7 27. Re1 Rd6 28. Re5 Rexe6 29. Rxc5 Rd7 30. Kf2 Re3 31. Rc4 Rxb3 32. Rcxd4 Rxd4 33. Rxd4 Rxa3 34. Rxf4 Ra2+ 35. Kg3 a5 36. Rc4 a4 37. Rxc7 a3 38. Ra7 Ra1 39. h3 a2 40. Kf4 h6 41. Kf5 Kh7 42. f4 Kg8 43. Kg6 Kf8 44. Ra8+ Ke7 45. Kxg7 Ke6 46. Kxh6 Kf5 47. h4 Kxf4 48. Kh5 Kg3 49. Kg5 Kxg2 50. h5 Kh3 51. Kh6 Kh4 52. Ra4+ Kh3 53. Kh7 Kh2 54. h6 Kh3 55. Ra5 1/2-1/2

[Event "Hampshire Major"]
[Site "Eastleigh"]
[Date "2014.11.08"]
[Round "3"]
[White "Matthew, Ian G"]
[Black "Webb, John"]
[Result "1/2-1/2"]
[WhiteElo "1760"]
[BlackElo "1616"]
[PlyCount "69"]
[EventDate "2014.11.07"]
[EventType "swiss"]
[EventRounds "6"]
[EventCountry "ENG"]
[SourceTitle "BritBase"]
[Source "John Saunders"]
[SourceDate "2015.01.03"]
[SourceVersion "1"]
[SourceVersionDate "2015.01.03"]
[SourceQuality "1"]

1. e4 Nf6 2. Nc3 d5 3. e5 d4 4. exf6 dxc3 5. fxg7 cxd2+ 6. Qxd2 Qxd2+ 7. Bxd2 Bxg7 8. c3 a6 9. Bf4 c6 10. Bd3 Be6 11. Nf3 h6 12. O-O Nd7 13. Rfe1 O-O-O 14. Bc2 Nc5 15. Re3 Bf6 16. b4 Nd7 17. Rae1 Nb6 18. Rxe6 fxe6 19. Rxe6 Nd7 20. c4 Nf8 21. Re3 b6 22. b5 axb5 23. cxb5 c5 24. Ra3 Kd7 25. Ra7+ Ke8 26. Bc7 Rd7 27. Bxb6 Rxa7 28. Bxa7 Nd7 29. Bf5 Kd8 30. b6 Kc8 31. Nd2 e6 32. Bxe6 Re8 33. Bc4 Kb7 34. Bd5+ Ka6 35. Bc4+ 1/2-1/2

[Event "Hampshire Major"]
[Site "Eastleigh"]
[Date "2014.11.08"]
[Round "3"]
[White "Foley, Phil T"]
[Black "Maund, Barry"]
[Result "1-0"]
[WhiteElo "1736"]
[BlackElo "1672"]
[PlyCount "63"]
[EventDate "2014.11.07"]
[EventType "swiss"]
[EventRounds "6"]
[EventCountry "ENG"]
[SourceTitle "BritBase"]
[Source "John Saunders"]
[SourceDate "2015.01.03"]
[SourceVersion "1"]
[SourceVersionDate "2015.01.03"]
[SourceQuality "1"]

1. e4 e6 2. d4 d5 3. Nc3 dxe4 4. Nxe4 Nd7 5. Nf3 Ngf6 6. Bd3 Nxe4 7. Bxe4 Nf6 8. Bg5 Be7 9. Qd3 Nxe4 10. Bxe7 Nxf2 11. Kxf2 Qxe7 12. Rhe1 O-O 13. c4 c6 14. Re2 Bd7 15. Rae1 Rfe8 16. Re5 Rad8 17. c5 b6 18. b4 f6 19. R5e4 Qf7 20. Kg1 Bc8 21. Nd2 e5 22. Qe2 Qxa2 23. Qe3 Qf7 24. dxe5 Rxe5 25. Rxe5 fxe5 26. Nf3 bxc5 27. Qxc5 Qd7 28. Nxe5 Qd4+ 29. Qxd4 Rxd4 30. Nxc6 Rf4 31. Re8+ Rf8 32. Rxc8 1-0

[Event "Hampshire Major"]
[Site "Eastleigh"]
[Date "2014.11.08"]
[Round "3"]
[White "Agostinelli, Dave"]
[Black "Dore, Alexandre"]
[Result "0-1"]
[WhiteElo "1624"]
[BlackElo "1856"]
[PlyCount "116"]
[EventDate "2014.11.07"]
[EventType "swiss"]
[EventRounds "6"]
[EventCountry "ENG"]
[SourceTitle "BritBase"]
[Source "John Saunders"]
[SourceDate "2015.01.03"]
[SourceVersion "1"]
[SourceVersionDate "2015.01.03"]
[SourceQuality "1"]

1. c4 e5 2. g3 Nf6 3. Bg2 Nc6 4. Nc3 Bc5 5. Nf3 O-O 6. O-O d6 7. d3 h6 8. e3 a6 9. a3 Bg4 10. h3 Be6 11. b4 Ba7 12. Bb2 Qd7 13. Kh2 Rfe8 14. Rc1 Rad8 15. Nd2 Bf5 16. Nde4 Nxe4 17. Nxe4 Ne7 18. Nc3 c6 19. Qe2 Bg6 20. Rfd1 f5 21. Bf3 f4 22. Bg4 Bf5 23. Bxf5 Nxf5 24. gxf4 exf4 25. Rg1 fxe3 26. Ne4 Rxe4 27. dxe4 exf2 28. Rg2 Re8 29. Qd3 d5 30. c5 Bb8+ 31. e5 Bxe5+ 32. Bxe5 Rxe5 33. Rxf2 g6 34. Rg1 Kh7 35. Re2 Qc7 36. Kh1 h5 37. Rxe5 Qxe5 38. Qf3 Kg7 39. Qg2 Nh4 40. Qg5 Qe4+ 41. Rg2 Qxg2+ 42. Qxg2 Nxg2 43. Kxg2 Kf6 44. Kf3 Kg5 45. a4 d4 46. Ke4 Kh4 47. Kxd4 Kxh3 48. b5 Kg4 49. bxc6 bxc6 50. Ke5 h4 51. Kd6 h3 52. Kxc6 h2 53. Kb6 h1=Q 54. c6 Qb1+ 55. Kc7 Kf5 56. Kc8 Qc2 57. c7 Qxa4 58. Kd8 Qc4 0-1

[Event "Hampshire Major"]
[Site "Eastleigh"]
[Date "2014.11.08"]
[Round "3"]
[White "Snook Lumb, Chris"]
[Black "Belinger, John"]
[Result "0-1"]
[WhiteElo "1592"]
[BlackElo "1776"]
[PlyCount "94"]
[EventDate "2014.11.07"]
[EventType "swiss"]
[EventRounds "6"]
[EventCountry "ENG"]
[SourceTitle "BritBase"]
[Source "John Saunders"]
[SourceDate "2015.01.03"]
[SourceVersion "1"]
[SourceVersionDate "2015.01.03"]
[SourceQuality "1"]

1. c4 Nf6 2. g3 g6 3. Nc3 d5 4. cxd5 Nxd5 5. Bg2 Nxc3 6. bxc3 Bg7 7. Rb1 c6 8. Nf3 O-O 9. O-O Nd7 10. Ba3 Re8 11. Ng5 Nb6 12. h4 Qc7 13. Qb3 e6 14. e4 Bd7 15. d4 Rad8 16. e5 Bf8 17. Bc1 h6 18. Ne4 Bg7 19. Qd1 Nd5 20. Qf3 Bc8 21. c4 Nb6 22. Nf6+ Bxf6 23. Qxf6 Qe7 24. Qf4 g5 25. hxg5 Qxg5 26. Qf3 Qg6 27. Be3 Nxc4 28. Rb4 Nb6 29. Bh3 Nd5 30. Ra4 a6 31. Bg4 Rf8 32. Kg2 Nc3 33. Ra3 Nb5 34. Ra4 Nc3 35. Rc4 Nd5 36. Bd2 Nb6 37. Rb4 Nd5 38. Rb3 b5 39. Rh1 f5 40. Bh5 Qg7 41. Bxh6 Qe7 42. Bg6 Bb7 43. Qh5 c5 44. Bxf8 Nf4+ 45. Kg1 Nxh5 46. Bxe7 Rxd4 47. Rxh5 Rd1+ 0-1

[Event "Hampshire Major"]
[Site "Eastleigh"]
[Date "2014.11.08"]
[Round "3"]
[White "Sellen, John R"]
[Black "Samuels, Henry Alexander"]
[Result "1/2-1/2"]
[WhiteElo "1576"]
[BlackElo "1752"]
[PlyCount "49"]
[EventDate "2014.11.07"]
[EventType "swiss"]
[EventRounds "6"]
[EventCountry "ENG"]
[SourceTitle "BritBase"]
[Source "John Saunders"]
[SourceDate "2015.01.03"]
[SourceVersion "1"]
[SourceVersionDate "2015.01.03"]
[SourceQuality "1"]

1. f4 d5 2. Nf3 Nf6 3. e3 e6 4. d4 Be7 5. Bd3 b6 6. Qe2 Bb7 7. c3 Nbd7 8. O-O c5 9. Nbd2 O-O 10. Ne5 Ne4 11. Nxd7 Qxd7 12. Nf3 f6 13. Bd2 Bd6 14. c4 Rac8 15. Rac1 Kh8 16. b3 Qe7 17. Qe1 e5 18. fxe5 fxe5 19. dxe5 Bxe5 20. Bxe4 dxe4 21. Nxe5 Qxe5 22. Bc3 Qg5 23. Qd2 h6 24. Rxf8+ Rxf8 25. Rf1 1/2-1/2

[Event "Hampshire Major"]
[Site "Eastleigh"]
[Date "2014.11.08"]
[Round "3"]
[White "Williams, Robin"]
[Black "Armorgie, Jack"]
[Result "1-0"]
[WhiteElo "1720"]
[BlackElo "1640"]
[PlyCount "61"]
[EventDate "2014.11.07"]
[EventType "swiss"]
[EventRounds "6"]
[EventCountry "ENG"]
[SourceTitle "BritBase"]
[Source "John Saunders"]
[SourceDate "2015.01.03"]
[SourceVersion "1"]
[SourceVersionDate "2015.01.03"]
[SourceQuality "1"]

1. e4 e6 2. d4 d5 3. Bd3 c5 4. exd5 Qxd5 5. Qf3 Nf6 6. Nc3 Qxd4 7. Be3 Qb4 8. O-O-O Nc6 9. Qg3 g6 10. a3 Qa5 11. Bc4 a6 12. Qg5 Bg7 13. Bxc5 Nd7 14. Ne4 Nxc5 15. Qxc5 Qxc5 16. Nxc5 b5 17. Be2 Bd4 18. Bf3 Bd7 19. Rxd4 Nxd4 20. Bxa8 Ke7 21. Nxd7 Rxa8 22. Ne5 Rc8 23. c3 a5 24. Ngf3 Nb3+ 25. Kc2 a4 26. Rd1 Rc7 27. Nd4 f6 28. Nec6+ Ke8 29. Nb4 Rc4 30. Nxb5 Re4 31. Nd6+ 1-0

[Event "Hampshire Major"]
[Site "Eastleigh"]
[Date "2014.11.08"]
[Round "3"]
[White "Hurn, Paul"]
[Black "Syed, Ashraf"]
[Result "1/2-1/2"]
[WhiteElo "1696"]
[BlackElo "1712"]
[PlyCount "72"]
[EventDate "2014.11.07"]
[EventType "swiss"]
[EventRounds "6"]
[EventCountry "ENG"]
[SourceTitle "BritBase"]
[Source "John Saunders"]
[SourceDate "2015.01.03"]
[SourceVersion "1"]
[SourceVersionDate "2015.01.03"]
[SourceQuality "1"]

1. e4 c5 2. Nc3 g6 3. f4 Bg7 4. Nf3 d6 5. Bc4 e6 6. O-O Nc6 7. d3 a6 8. a4 Nge7 9. Qe1 d5 10. exd5 exd5 11. Nxd5 Be6 12. Nxe7 Qxe7 13. Bxe6 Qxe6 14. Qxe6+ fxe6 15. Re1 Kd7 16. Be3 Nb4 17. Re2 Rac8 18. c4 a5 19. Rd1 b6 20. b3 Rhe8 21. d4 Kc6 22. Bf2 Rcd8 23. Red2 Rf8 24. g3 Rfe8 25. Ne5+ Bxe5 26. dxe5 Kc7 27. Kf1 Rxd2 28. Rxd2 Rd8 29. Ke2 Rxd2+ 30. Kxd2 Nc6 31. g4 Kd7 32. h4 Ke7 33. Kd3 Kf7 34. Ke4 Ne7 35. h5 gxh5 36. gxh5 Nf5 1/2-1/2

[Event "Hampshire Major"]
[Site "Eastleigh"]
[Date "2014.11.08"]
[Round "3"]
[White "Gowers, Robert"]
[Black "Crouch, Timothy J"]
[Result "0-1"]
[WhiteElo "1720"]
[BlackElo "1616"]
[PlyCount "94"]
[EventDate "2014.11.07"]
[EventType "swiss"]
[EventRounds "6"]
[EventCountry "ENG"]
[SourceTitle "BritBase"]
[Source "John Saunders"]
[SourceDate "2015.01.03"]
[SourceVersion "1"]
[SourceVersionDate "2015.01.03"]
[SourceQuality "1"]

1. Nf3 d5 2. d4 Bf5 3. e3 Nf6 4. c4 e6 5. Nc3 c6 6. Bd3 Bxd3 7. Qxd3 Bb4 8. c5 O-O 9. a3 Bxc3+ 10. Qxc3 Nbd7 11. O-O Qc7 12. Qc2 Ne4 13. Nd2 Ndf6 14. f3 Nxd2 15. Bxd2 e5 16. Bc3 e4 17. Rae1 Rae8 18. fxe4 Nxe4 19. Rf3 f5 20. Bd2 Re6 21. Ref1 Rh6 22. h3 Rhf6 23. Qd1 Rg6 24. Be1 Rgf6 25. h4 f4 26. exf4 Rxf4 27. g3 Rxf3 28. Rxf3 Qe7 29. Kg2 Rf7 30. Rxf7 Kxf7 31. Qh5+ Kg8 32. Qe5 Qxe5 33. dxe5 Nxc5 34. Bc3 Ne4 35. Kf3 Nxc3 36. bxc3 Kf7 37. Kf4 Ke6 38. g4 b5 39. h5 a5 40. Kg5 Kxe5 41. h6 g6 42. Kh4 Kf4 43. g5 c5 44. Kh3 b4 45. axb4 axb4 46. cxb4 cxb4 47. Kg2 b3 0-1

[Event "Hampshire Major"]
[Site "Eastleigh"]
[Date "2014.11.08"]
[Round "4"]
[White "Jones, Gareth A"]
[Black "Wilson, Matthew R"]
[Result "0-1"]
[WhiteElo "1864"]
[BlackElo "1848"]
[PlyCount "68"]
[EventDate "2014.11.07"]
[EventType "swiss"]
[EventRounds "6"]
[EventCountry "ENG"]
[SourceTitle "BritBase"]
[Source "John Saunders"]
[SourceDate "2015.01.03"]
[SourceVersion "1"]
[SourceVersionDate "2015.01.03"]
[SourceQuality "1"]

1. Nf3 Nf6 2. g3 b6 3. Bg2 Bb7 4. d4 e6 5. O-O c5 6. b3 cxd4 7. Bb2 Be7 8. Bxd4 d6 9. c4 Qc7 10. Bb2 Nbd7 11. Nc3 a6 12. Qd2 O-O 13. Rfd1 Rfd8 14. Rac1 Rac8 15. Ba3 Nc5 16. b4 Nce4 17. Nxe4 Bxe4 18. Qe3 Bb7 19. Bh3 Ne4 20. Rd4 Nf6 21. b5 Bxf3 22. Qxf3 axb5 23. cxb5 Qd7 24. Qd3 d5 25. Rxc8 Rxc8 26. Bb2 Qc7 27. e3 Qc2 28. Ba3 Bxa3 29. Qxa3 Ne4 30. Rxe4 Qc1+ 31. Qxc1 Rxc1+ 32. Bf1 dxe4 33. Kg2 Rc2 34. a4 Ra2 0-1

[Event "Hampshire Major"]
[Site "Eastleigh"]
[Date "2014.11.08"]
[Round "4"]
[White "Dore, Alexandre"]
[Black "Matthew, Ian G"]
[Result "1/2-1/2"]
[WhiteElo "1856"]
[BlackElo "1760"]
[PlyCount "86"]
[EventDate "2014.11.07"]
[EventType "swiss"]
[EventRounds "6"]
[EventCountry "ENG"]
[SourceTitle "BritBase"]
[Source "John Saunders"]
[SourceDate "2015.01.03"]
[SourceVersion "1"]
[SourceVersionDate "2015.01.03"]
[SourceQuality "1"]

1. e4 e5 2. Nf3 Nc6 3. Bb5 f5 4. exf5 e4 5. Bxc6 bxc6 6. Nd4 Nf6 7. Nc3 c5 8. Nde2 d5 9. Ng3 Be7 10. d3 exd3 11. Qxd3 O-O 12. Bf4 d4 13. Nce2 Rb8 14. O-O-O Qd5 15. b3 Ng4 16. Rdf1 c4 17. Qxd4 Ba3+ 18. Kb1 Qc6 19. f3 cxb3 20. axb3 Nf6 21. Rd1 Bc5 22. Qc4+ Kh8 23. Nd4 Qb6 24. Ne6 Bxe6 25. fxe6 Qc6 26. Be3 Rb5 27. Rhe1 Rfb8 28. Nf5 Rb4 29. Qxc5 Qxe6 30. Rd8+ Rxd8 31. Qxb4 Qxf5 32. Bxa7 Nd5 33. Qc5 Qf6 34. c4 Nc3+ 35. Kc2 Na2 36. Qe7 Qc3+ 37. Kb1 Qxb3+ 38. Ka1 Qc3+ 39. Kxa2 Qxc4+ 40. Kb1 Qb3+ 41. Kc1 Qc3+ 42. Kb1 Qb3+ 43. Kc1 Qc3+ 1/2-1/2

[Event "Hampshire Major"]
[Site "Eastleigh"]
[Date "2014.11.08"]
[Round "4"]
[White "Conway, Alex"]
[Black "Hewitt, Robert"]
[Result "1/2-1/2"]
[WhiteElo "1848"]
[BlackElo "1704"]
[PlyCount "61"]
[EventDate "2014.11.07"]
[EventType "swiss"]
[EventRounds "6"]
[EventCountry "ENG"]
[SourceTitle "BritBase"]
[Source "John Saunders"]
[SourceDate "2015.01.03"]
[SourceVersion "1"]
[SourceVersionDate "2015.01.03"]
[SourceQuality "1"]

1. e4 d5 2. exd5 Nf6 3. d4 Nxd5 4. c4 Nb6 5. Nf3 g6 6. Nc3 Bg7 7. Be3 O-O 8. Be2 Nc6 9. O-O e5 10. d5 Ne7 11. a4 Nf5 12. Ne4 Nxe3 13. fxe3 Bf5 14. Nc5 Rb8 15. e4 Bc8 16. a5 Nd7 17. Nxd7 Bxd7 18. b4 Qe7 19. c5 Rbd8 20. Bc4 Qe8 21. Qb3 Bb5 22. Rf2 Bxc4 23. Qxc4 Bh6 24. Qb3 Kh8 25. b5 f5 26. Re2 Qe7 27. Qc4 Bg7 28. Rd1 g5 29. Nd2 f4 30. Rf2 g4 31. Rdf1 1/2-1/2

[Event "Hampshire Major"]
[Site "Eastleigh"]
[Date "2014.11.08"]
[Round "4"]
[White "Sellen, John R"]
[Black "Gonem, Sherif"]
[Result "1-0"]
[WhiteElo "1576"]
[BlackElo "1624"]
[PlyCount "87"]
[EventDate "2014.11.07"]
[EventType "swiss"]
[EventRounds "6"]
[EventCountry "ENG"]
[SourceTitle "BritBase"]
[Source "John Saunders"]
[SourceDate "2015.01.03"]
[SourceVersion "1"]
[SourceVersionDate "2015.01.03"]
[SourceQuality "1"]

1. f4 d5 2. Nf3 Nf6 3. e3 e6 4. d4 Be7 5. Bd3 O-O 6. O-O c5 7. c3 b6 8. Qe2 Bb7 9. Nbd2 Nbd7 10. Ne5 Ne4 11. Nxd7 Qxd7 12. Nf3 f6 13. c4 Rac8 14. Bd2 Rc7 15. Rac1 Rfc8 16. b3 dxc4 17. Bxc4 a6 18. a4 Nxd2 19. Qxd2 b5 20. axb5 axb5 21. Be2 c4 22. bxc4 bxc4 23. Qc3 Qd5 24. Rf2 Qb5 25. Bf1 Be4 26. Rb2 Qa6 27. Nd2 Bd5 28. e4 Ba3 29. Ra2 Bxc1 30. Rxa6 Bxd2 31. Qxd2 c3 32. Qc2 Bxe4 33. Qxe4 c2 34. Ra1 c1=Q 35. Rxc1 Rxc1 36. Qxe6+ Kh8 37. d5 h6 38. d6 Rb8 39. d7 Kh7 40. h3 Ra1 41. Qe7 Raa8 42. Bd3+ Kh8 43. Be4 Ra1+ 44. Kh2 1-0